[Event "Torino Sada op"]
[Site "Torino"]
[Date "2012.10.08"]
[Round "4"]
[White "Coqueraut, Lodewyk"]
[Black "Martini, Giorgio"]
[Result "1-0"]
[WhiteElo "1818"]
[BlackElo "1728"]
[PlyCount "103"]
[EventDate "2012.09.17"]
[EventType "swiss"]
[EventRounds "7"]
[EventCountry "ITA"]
[SourceTitle "EXT 2018"]
[Source "ChessBase"]
[SourceDate "2017.10.13"]
[SourceVersion "1"]
[SourceVersionDate "2017.10.13"]
[SourceQuality "1"]

1. d4 d5 2. c4 e6 3. Nf3 c5 4. Nc3 Nc6 5. e3 a6 6. Be2 cxd4 7. exd4 dxc4 8. Bxc4 Nf6 9. 0-0 Be7 10. Be3 0-0 11. Qe2 b5 12. Bb3 Bb7 13. Rfd1 Nb4 14. a3 Nbd5 15. Ne5 Rc8 16. Nxd5 Nxd5 17. f3 Bd6 18. Bd2 Qe7 19. Qf2 Rfd8 20. Rac1 Rxc1 21. Rxc1 Qf6 22. Ng4 Qe7 23. g3 Bb8 24. Ba2 Ba7 25. Kg2 Nf6 26. Nxf6+ Qxf6 27. Bc3 Rc8 28. Rd1 g5 29. g4 h5 30. h3 h4 31. Rd3 Qf4 32. Bb3 Bb8 33. Kf1 Ba7 34. Bd2 Qf6 35. Qe3 Bb8 36. Qxg5+ Qxg5 37. Bxg5 Bg3 38. Bd2 Rd8 39. Ke2 e5 40. d5 Kf8 41. Bb4+ Ke8 42. Ke3 Kd7 43. Ke4 Rc8 44. Rc3 Rxc3 45. bxc3 Bf4 46. c4 f6 47. c5 Kc7 48. Ba5+ Kc8 49. c6 Ba8 50. Kf5 Bg5 51. Bc2 Kb8 52. Be4 1-0